000 00760nam a2200253 a 4500
003 MX-MxUPN
005 20250114151527.0
008 991125s1925 mx br 000 0 spa d
035 _aUPN01000017219
040 _aMX-MxUPN
_bspa
_cMX-MxUPN
041 _aspa
050 1 4 _aLB1584 M6
_bE84 1925
100 1 _aEscudero Hidalgo, Francisco
_952344
245 1 0 _aEducación cívica :
_bpara uso de las escuelas primarias
250 _aSegunda edición
260 _aMéxico :
_bHerrero Hermanos Sucesores,
_c1925.
300 _a126 páginas
650 4 _aCivismo
_xEstudio y enseñanza (Elemental)
_92807
650 4 _aCivismo
_944490
_vLibros de texto
902 _bMaríaRobles/180624
904 _aAC
_b017220
905 _aLibro
942 _2lcc
_cLIBRO
_n0
999 _c17219
_d17219